Normal view
MARC view
- Quartulain Malik
Entry Personal Name
001 - CONTROL NUMBER
- control field: 15751
003 - CONTROL NUMBER IDENTIFIER
- control field: NUST
005 - DATE AND TIME OF LATEST TRANSACTION
- control field: 20190627100840.0
008 - FIXED-LENGTH DATA ELEMENTS
- fixed length control field: 190627|| aca||aabn | a|a d
040 ## - CATALOGING SOURCE
- Original cataloging agency: NUST
- Transcribing agency: NUST
100 ## - HEADING--PERSONAL NAME
- Personal name: Quartulain Malik
- Fuller form of name: NUST
670 ## - SOURCE DATA FOUND
- Source citation: Work cat.: (NUST): Quartulain Malik NUST , SAIKOSAPONIN B3 POTENTIATES DOXORUBICIN- INDUCED BY MODULATING AKT AND GSK3-B IN BREAST CANCER CELL LINES /, 2017.
